Les Simpson - Apu - Statistiques

Statistiques générales
  • Ce quiz a été pris 57 fois
  • Le résultat moyen est 7 sur 10
Statistiques - réponses
Question Réponse % Correct
Combien a-t-il eu d'enfants avec elle ? 8
100%
De quel pays sont-ils originaires ? Inde
100%
Comment s'appelle sa femme ? Manjula
93%
Quelle est sa réplique favorite ? Merci, revenez nous voir
93%
Où se sont-ils mariés ? chez Homer
87%
Il a fait partie du groupe des Bémols (The Be Sharps). Qui n'était pas dans le groupe avec lui ? Moe
73%
De quel doctorat est-il diplômé ? informatique
60%
Laquelle de ces propositions ne désigne pas un dieu vénéré par Apu ? Mazu
53%
Combien auront-ils de petits-enfants d'après l'épisode "Le Futur passé" (saison 23) ? 64
27%
Quel numéro porte la proposition de loi qui l'a poussé à se naturaliser Américain ? la proposition 24
13%
Aucun quiz correspondant
Distribution des résultats
% des personnes avec chaque résultat
Percentile par nombre de réponses
Votre historique - résultats
Vous n’avez pas pris ce quiz